000 00470nam a2200145 a 4500
001 000038990
005 20201002031441.0
008 130510d1992 dr a 000 0 spa d
040 _aDO-SdBNP
_bspa
_cBNPHU
100 1 _aGiráldez Casasnovas, Antonio
_965237
245 1 0 _aManual de cirugía dermatológica /
_cAntonio Giráldez Casasnovas.
260 _aSanto Domingo :
_bCentro Editorial,
_c1992.
300 _a168 p. :
_bils. ;
_c22 cm.
504 _aBibliografía : p. 168
999 _c38480
_d38480